Vytrvalostný tréning u hypertonikov

Bibliographic Details
Main Authors: Hartard, M. (Author), Hilberg, T. (Author), Jeschke, D. (Author)
Format: Article
Language:Slovak
PhysicalDescription:Res. angl., nem., slov., lit. 8 zázn.
ISSN:0375-0922
Subjects:

MARC

LEADER 00000nab a2200000 a 4500
001 vtls000635608
003 SK-MaSNL
005 20260304085440.0
008 250425c1997 xo 0 slo
015 |a SNBRB19rr/mm-uuuuu 
035 |a CL0635747 
035 |a urn:nbn:sk:snk-ab7fcb 
035 |a (urnnbn)urn:nbn:sk:snk:ar-005ddu 
035 |a (uuid)3d103dcf-ad8f-4556-b341-0de0ca6aee94 
040 |a SNKBUCL  |b slo  |c SNKBUCL  |e AACR2 
041 0 |a slo 
044 |a xo  |c SK 
080 |a 616.12-008.331.1:615.825  |2 1981 
080 |a 615.825  |2 1981 
100 1 |a Hartard, M.  |4 aut  |9 1378900 
245 1 0 |a Vytrvalostný tréning u hypertonikov  |c M. Hartard, T. Hilberg, D. Jeschke 
300 |b Res. angl., nem., slov., lit. 8 zázn. 
650 0 7 |a hypertenzia  |2 SNKPH  |9 2490 
650 0 7 |a bicyklová ergometria  |2 SNK  |9 1378901 
650 0 7 |a vytrvalostný tréning  |2 SNKPH  |9 51543 
655 7 |a články z novín a časopisov  |2 SNK  |9 267496 
700 1 |a Hilberg, T.  |4 aut  |9 1378902 
700 1 |a Jeschke, D.  |4 aut  |9 1378903 
773 0 |t Rehabilitácia  |g Roč. 30, č. 3 (1997), s. 157-159  |x 0375-0922 
850 |a Slovenská národná knižnica 
852 |a Slovenská národná knižnica 
954 |a odborná, vedecká literatúra pôvodná (slovenská)  |2 lita 
958 |a article7 
958 |a NB 
958 |a MI 
958 |a RK 
958 |a OND 
958 |a EUIPO 
992 |a RBX 
999 |c 2808085  |d 2810015